| 000 | 02192cam a2200481 i 4500 | ||
|---|---|---|---|
| 001 | zz2005822934 | ||
| 003 | NUKAT | ||
| 005 | 20260425103049.0 | ||
| 008 | 050217s1938 un |001 0 pol c | ||
| 035 | _a(OCoLC)838028603 | ||
| 035 | _a(NUKAT)zz2005822934 | ||
| 040 |
_aGD U/AJ _cGD U/AJ _dGD U/AJ _dGD U/KMs _dWA U/DUNASA _dKR U/mal |
||
| 041 | 0 |
_apol _bfre |
|
| 044 |
_aun _apl |
||
| 100 | 1 |
_aKostołowski, Erazm _d(1912-1940). _940515 |
|
| 245 | 1 | 0 |
_aStudia nad kwestią włościańską w latach 1846-1864 ze szczególnym uwzględnieniem literatury politycznej = _bÉtudes sur la question paysanne (1846-1864) en considération particulière de la littérature politique / _cErazm Kostołowski. |
| 246 | 3 | 1 | _aÉtudes sur la question paysanne (1846-1864) en considération particulière de la littérature politique |
| 260 |
_aLwów ; _aWarszawa : _bSkład główny: Kasa im. Rektora J. Mianowskiego - Instytut Popierania Polskiej Twórczości Naukowej, _c1938. |
||
| 300 |
_aXI, [1], 407 s. : _berr. ; _c24 cm. |
||
| 336 |
_aTekst _btxt _2rdacontent |
||
| 337 |
_aBez urządzenia pośredniczącego _bn _2rdamedia |
||
| 338 |
_aWolumin _bnc _2rdacarrier |
||
| 380 | _aKsiążki | ||
| 490 | 1 |
_aBadania z Dziejów Społecznych i Gospodarczych ; _vnr 33 |
|
| 504 | _aBibliogr. s. 1-9. Indeks. | ||
| 536 | _aZ zasiłku zwrotnego Ministerstwa Wyznań Religijnych i Oświecenia Publicznego | ||
| 546 | _aStreszcz. fr. | ||
| 648 | 7 |
_a1801-1900 _2DBN _936037 |
|
| 650 | 7 |
_aChłopi _2DBN _936401 |
|
| 650 | 7 |
_aUwłaszczenie chłopów _2DBN _940513 |
|
| 650 | 7 |
_aChłopi _zPolska _xsytuacja gospodarcza _y19 w. _2kaba _940512 |
|
| 650 | 7 |
_aChłopi _zPolska _xsytuacja społeczna _y19 w. _2kaba _940511 |
|
| 651 | 7 |
_aGalicja (kraina historyczna) _2DBN _935236 |
|
| 651 | 7 |
_aPolska _2DBN _935076 |
|
| 651 | 7 |
_aZabór pruski _2DBN _935237 |
|
| 651 | 7 |
_aZabór rosyjski _2DBN _935238 |
|
| 658 | _aHistoria | ||
| 658 | _aPolityka, politologia, administracja publiczna | ||
| 658 | _aSocjologia i społeczeństwo | ||
| 710 | 2 |
_aKasa im. Mianowskiego - Instytut Popierania Nauki. _4pbl _9580 |
|
| 830 | 0 |
_aBadania z Dziejów Społecznych i Gospodarczych _x0067-2793 _vnr 33 _91645 |
|
| 942 |
_2ddc _cBK_NM |
||
| 999 |
_c27761 _d27761 |
||